Introduction to managerial economics

Gorde:
Xehetasun bibliografikoak
Egile nagusia: Hailstones, Thomas J.
Formatua: Liburua
Hizkuntza:Undetermined
Argitaratua: Englewood Cliffs Prentice-Hall, Inc 1979
Gaiak:
Etiketak: Etiketa erantsi
Etiketarik gabe, Izan zaitez lehena erregistro honi etiketa jartzen!
Thư viện lưu trữ: Trung tâm Học liệu Trường Đại học Cần Thơ
LEADER 00519nam a2200181Ia 4500
001 CTU_86249
008 210402s9999 xx 000 0 und d
082 |a 330 
082 |b H151 
100 |a Hailstones, Thomas J. 
245 0 |a Introduction to managerial economics 
245 0 |c Thomas J. Hailstones, John C. Rothwell 
260 |a Englewood Cliffs 
260 |b Prentice-Hall, Inc 
260 |c 1979 
650 |a Managerial economics 
904 |i Năm 
980 |a Trung tâm Học liệu Trường Đại học Cần Thơ